| 000 | 00354nam a2200109Ia 4500 | ||
|---|---|---|---|
| 008 | 171211s9999 xx 000 0 und d | ||
| 245 | _aHomeplug AV and IEEE 1901: A Handbook for PLC Designers and Users | ||
| 245 | _cHaniph A. Latchman | ||
| 260 | _c2013 | ||
| 650 | _xEngineering and Technology | ||
| 856 | _uhttp://down.ebook777.com/065/9780470410738.pdf | ||
| 999 |
_c350275 _d350275 |
||